00745nam a2200205 a 450000100100000000500170001000800410002704000250006808200230009324501500011625000110026626000650027730000280034265000400037065000300041065000150044070000270045570000300048270000270051200002080320200930011152.0100817s1976 ho a 000 0 spa d aDO-SdBNPbspacBPJMB a372.7bM425c, 197600aMatemática 4 :bguía para el maestro /cLuis Alberto Cabrera ... [et al] ; asesor específico Napoleón Sierra Rodas y Oscar Velásquez E. a3a ed. aRepública de Honduras :bMinisterio de Educación,c1976. a221 p. :bil. ;c27 cm. 4aMatemáticasxEnseñanza básica 4aTeoría de los números 4aFracciones1 aCabrera, Luis Alberto.1 aSierra Rodas, Napoleón.1 aVelásquez E., Oscar.